| 000 | 00549nam a22001697a 4500 | ||
|---|---|---|---|
| 005 | 20251108164042.0 | ||
| 008 | 250721s9999 xx 000 0 ara d | ||
| 082 | 1 | 4 | _a321.409565/من |
| 245 | 1 | 0 | _aمن قضايا الديموقراطية و الإنتخابات في الأردن / |
| 264 | 1 |
_aعمان : _bالمركز الأردني للدراسات و المعلومات، _c[19-]. |
|
| 300 | _a320ص. | ||
| 490 | 0 |
_aسلسلة قضايا _v1 |
|
| 650 | 1 | 7 | _aالإنتخابات |
| 650 | 1 | 7 | _aالأردن |
| 942 |
_2ddc _cBK |
||
| 999 |
_c2391 _d2391 |
||